000 00515nam a2200193 a 4500
001 5837
003 CO-ViMGA
008 141112s2004 ck r 000 u spa d
040 _aCO-ViMGA
_bspa
_cCO-ViMGA
082 0 4 _a923.1 B475l
100 1 _aLudwing, Emil
_94383
245 1 0 _aBismarck :
_bhistoria de un luchador
250 _a4a
260 _aBarcelona :
_bJuventud,
_c1986
300 _a476 p : il
490 _aGrandes biografĂ­as
650 1 4 _aBISMARCK, OTTO - LEOPOLD 1815 - 1898
_94384
942 _2ddc
_cBK
999 _c17815
_d17815